|
|
|
|
| LEADER |
00806nam a2200217 a 4500 |
| 008 |
090804s1962 enk 00 0 eng d |
| 020 |
|
|
|a 0415040086 (pbk)
|
| 040 |
|
|
|a DLC
|c DLC
|d DLC
|
| 082 |
0 |
0 |
|a 822/.3
|2 16
|
| 100 |
1 |
|
|a Jonson, Ben,
|d 1573?-1637.
|
| 245 |
1 |
0 |
|a Volpone, or The fox /
|c Ben Jonson ; edited by David Cook.
|
| 260 |
|
|
|a London :
|b Methuen,
|c 1962.
|
| 300 |
|
|
|a iv, 256 p. ;
|c 18 cm.
|
| 541 |
1 |
|
|e 00012070
|
| 650 |
|
0 |
|a Inheritance and succession
|x Drama.
|
| 650 |
|
0 |
|a Extortion
|x Drama.
|
| 651 |
|
0 |
|a Venice (Italy)
|x Drama.
|
| 700 |
1 |
|
|a Cook, David.
|
| 852 |
4 |
|
|a Ayesha Abed Library
|j General shelf
|
| 999 |
|
|
|c 3700
|d 3700
|
| 952 |
|
|
|0 0
|1 0
|2 ddc
|4 0
|6 822_300000000000000_JON
|7 0
|9 3360
|a BRACUL
|b BRACUL
|c GEN
|d 2009-09-03
|g 193.00
|l 12
|m 28
|o 822.3 JON
|p 3010012070
|r 2025-09-22
|s 2025-06-17
|t 1
|v 386.00
|w 2009-09-03
|y BK
|